| 000 | 00616nam a2200181 i 4500 | ||
|---|---|---|---|
| 001 | 22124 | ||
| 003 | ES-MaACL | ||
| 005 | 20230906152625.0 | ||
| 007 | t| | ||
| 008 | 021216s1867 sp ||||1| spa d | ||
| 080 | _a061.21(460.27) Ateneo | ||
| 110 | 2 |
_aAteneo de Madrid. _91875 |
|
| 245 | 1 | 1 |
_a[Circular de 1º de setiembre de 1867, dando cuenta del verdadero estado económico en que la Sociedad se encuentra] / _cAteneo Científico y Literario de Madrid. |
| 260 |
_aMadrid : _b[s.n.], _c1867. |
||
| 300 |
_a[4] p. ; _c29 cm. |
||
| 610 | 2 | 7 |
_aAteneo de Madrid- _xPresupuestos. _91932 |
| 852 |
_aES-MaACL _jT-327-F-6 |
||
| 999 |
_c22124 _d22124 |
||